Revista de Actualidad Jurd̕ica

Bibliographic Details
Format: Unknown
Language:Spanish
Published: [Barcelona] : vLex
Subjects:
Online Access:Acceso restringido

MARC

LEADER 00000ny a22000003n 4500
005 20110510102017.0
008 080704s20069999sp mr s 000 a0spa c
035 |a 1610 
040 |a UMA.RE  |d vlex 
080 |a (0.034) 
090 |c 1489  |d 1489 
245 0 0 |a Revista de Actualidad Jurd̕ica  |h [Recurso electrn̤ico] 
256 |a Servicio en ln̕ea 
260 |a [Barcelona] :  |b vLex 
310 |a Mensual 
506 1 |a Contenido solo disponible en los productos indicados  |d vLex Global  |d vLex Global (Academic Edition, excluding Law Schools)  |d vLex Global (U.S. Academic Edition, Law Schools)  |d vLex Global (U.S. Academic Edition, excluding Law Schools)  |d vLex Global (Academic Edition, Law Schools) 
650 0 7 |a Tributario  |2 Tesauro vLex 
650 0 7 |a Mercantil  |2 Tesauro vLex 
650 0 7 |a Incapacidad laboral  |2 Tesauro vLex 
650 0 7 |a Derecho fiscal  |2 Tesauro vLex 
650 0 7 |a Derecho tributario  |2 Tesauro vLex 
650 0 7 |a Contabilidad  |2 Tesauro vLex 
650 0 7 |a Derecho de sociedades  |2 Tesauro vLex 
740 0 |a vLex Revista (Servicios en ln̕ea) 
853 |8 1  |i (year)  |j (month)  |k (day) 
856 4 0 |u http://vlex.com/source/1610  |z Acceso restringido 
942 |c REV